[Event "ARM-ch (Women) 79th"]
[Site "Yerevan"]
[Date "2024.01.19"]
[Round "8"]
[White "Gaboyan, Susanna"]
[Black "Khachatryan, Mariam"]
[Result "1/2-1/2"]
[WhiteElo "2179"]
[BlackElo "1567"]
[PlyCount "137"]
[EventDate "2024.01.12"]
[EventType "tourn"]
[EventRounds "9"]
[EventCountry "ARM"]
[SourceTitle "CB09_2024"]
[SourceDate "2024.02.28"]
[SourceVersion "1"]
[SourceVersionDate "2024.02.28"]
[SourceQuality "1"]

1. g3 Nf6 2. Bg2 g6 3. c4 Bg7 4. Nc3 0-0 5. d4 d6 6. Nf3 Nc6 7. 0-0 a6 8. h3 Rb8 9. e4 e5 10. dxe5 dxe5 11. Qxd8 Rxd8 12. Bg5 Re8 13. Nd5 Nxe4 14. Nxc7 Nxg5 15. Nxg5 Rd8 16. Bd5 Rf8 17. f4 Nd8 18. Rae1 e4 19. Kg2 Bxb2 20. Rb1 Bg7 21. Nxa6 Ra8 22. Nb4 e3 23. Rb3 Re8 24. Re1 e2 25. Ne4 Ne6 26. Rxe2 Kf8 27. Rd3 f5 28. Ng5 Nxf4+ 29. gxf4 Rxe2+ 30. Kf3 Re7 31. Nxh7+ Ke8 32. Ng5 Bf6 33. h4 Bxg5 34. fxg5 Be6 35. a3 Rc8 36. Rd4 Kf7 37. Kf4 Bxd5 38. cxd5 Re4+ 39. Rxe4 fxe4 40. Kxe4 Rc4+ 41. Ke5 Rxh4 42. d6 Rh1 43. d7 Ke7 44. d8Q+ Kxd8 45. Kf6 Rh3 46. Kxg6 Rxa3 47. Kg7 Rb3 48. Nc2 Ke7 49. g6 Rh3 50. Nd4 Rh5 51. Nb3 b5 52. Nd4 Rd5 53. Nc6+ Kd6 54. Nb4 Rd4 55. Nc2 Rf4 56. Kg8 Ke6 57. g7 Ke7 58. Ne3 Rf3 59. Nd5+ Kd6 60. Nb4 Kc5 61. Na6+ Kc4 62. Kh7 Rh3+ 63. Kg6 Rg3+ 64. Kf7 Rf3+ 65. Ke7 Rg3 66. Kf7 b4 67. Nxb4 Kxb4 68. g8Q Rxg8 69. Kxg8 1/2-1/2

[Event "ARM-ch (Women) 79th"]
[Site "Yerevan"]
[Date "2024.01.16"]
[Round "5"]
[White "Khachatryan, Mariam"]
[Black "Harutyunyan, Meline"]
[Result "0-1"]
[WhiteElo "1567"]
[BlackElo "1536"]
[PlyCount "70"]
[EventDate "2024.01.12"]
[EventType "tourn"]
[EventRounds "9"]
[EventCountry "ARM"]
[SourceTitle "CB09_2024"]
[SourceDate "2024.02.28"]
[SourceVersion "1"]
[SourceVersionDate "2024.02.28"]
[SourceQuality "1"]

1. d4 d5 2. c4 e6 3. Nc3 Nf6 4. cxd5 exd5 5. Bg5 Be7 6. e3 0-0 7. Bd3 Nbd7 8. Nge2 Re8 9. Qc2 Nf8 10. h3 c6 11. f3 Nh5 12. Bf4 Bh4+ 13. Kd2 Nxf4 14. exf4 Qe7 15. Raf1 b5 16. Kc1 Bb7 17. Kb1 a6 18. g3 Bf6 19. g4 c5 20. g5 Bxd4 21. Nxd4 cxd4 22. Ne2 Rac8 23. Qd1 Qe3 24. Nxd4 Qxf4 25. Rhg1 g6 26. Bc2 Nd7 27. Rg4 Qe3 28. f4 Rc4 29. f5 Ne5 30. fxg6 hxg6 31. Rgf4 Nc6 32. R1f3 Rxd4 33. Rxd4 Qxd4 34. Rd3 Qf2 35. Qg4 Ne5 0-1

[Event "Wch U16 Girls blitz"]
[Site "Batumi"]
[Date "2023.06.10"]
[Round "3"]
[White "Khachatryan, Mariam"]
[Black "Dove, Megan"]
[Result "1-0"]
[WhiteElo "1522"]
[BlackElo "1192"]
[PlyCount "95"]
[EventDate "2023.06.10"]
[EventType "swiss (blitz)"]
[EventRounds "11"]
[EventCountry "GEO"]
[SourceTitle "EXT 2024"]
[Source "ChessBase"]
[SourceDate "2023.10.10"]
[SourceVersion "1"]
[SourceVersionDate "2023.10.10"]
[SourceQuality "1"]
[WhiteTeam "Armenia"]
[BlackTeam "South Africa"]
[WhiteTeamCountry "ARM"]
[BlackTeamCountry "RSA"]

1. d4 d5 2. c4 Nf6 3. cxd5 Nxd5 4. e4 Nb6 5. Nc3 e6 6. Be3 Be7 7. Bd3 N8d7 8. Nge2 0-0 9. 0-0 c5 10. f4 Nf6 11. dxc5 Nbd7 12. b4 a5 13. a3 axb4 14. axb4 Rxa1 15. Qxa1 b6 16. Rd1 bxc5 17. b5 Qc7 18. h3 Nb6 19. Qb1 Rd8 20. e5 Nfd5 21. Bxh7+ Kh8 22. Bf2 Nxc3 23. Nxc3 Rxd1+ 24. Nxd1 c4 25. Be4 c3 26. Nxc3 Qxc3 27. Bxb6 Bc5+ 28. Bxc5 Qxc5+ 29. Kh1 Qb6 30. Bc6 Bb7 31. Bxb7 Qxb7 32. b6 Kg8 33. Qb5 Kf8 34. Qc5+ Ke8 35. Qc7 Qa6 36. Qc6+ Ke7 37. Qd6+ Ke8 38. Kh2 Qf1 39. Qc6+ Ke7 40. Qc5+ Ke8 41. Qd4 Qb5 42. Kg3 Ke7 43. Qd6+ Ke8 44. Qc7 Qb3+ 45. Kh4 Qb1 46. b7 Qe1+ 47. g3 Qb4 48. b8Q+ 1-0

[Event "Wch U16 Girls rapid"]
[Site "Batumi"]
[Date "2023.06.06"]
[Round "1"]
[White "Khachatryan, Mariam"]
[Black "Gotiashvili, Marta"]
[Result "1-0"]
[WhiteElo "1542"]
[BlackElo "1288"]
[PlyCount "85"]
[EventDate "2023.06.06"]
[EventType "swiss (rapid)"]
[EventRounds "11"]
[EventCountry "GEO"]
[SourceTitle "EXT 2024"]
[Source "ChessBase"]
[SourceDate "2023.10.10"]
[SourceVersion "1"]
[SourceVersionDate "2023.10.10"]
[SourceQuality "1"]
[WhiteTeam "Armenia"]
[BlackTeam "Georgia"]
[WhiteTeamCountry "ARM"]
[BlackTeamCountry "GEO"]

1. d4 Nf6 2. c4 e6 3. Nc3 Be7 4. Bg5 b6 5. e3 Bb7 6. f3 h6 7. Bh4 d6 8. Bd3 Nbd7 9. Nge2 c5 10. 0-0 Rc8 11. Rc1 0-0 12. Bf2 d5 13. cxd5 Nxd5 14. e4 Nb4 15. Bb1 cxd4 16. Bxd4 Nc5 17. a3 Nc6 18. Be3 Ba6 19. b4 Qxd1 20. Rcxd1 Bxe2 21. Nxe2 Na4 22. Rd7 Rfd8 23. Rfd1 Bf8 24. Bc2 Nb2 25. Rxd8 Rxd8 26. Rxd8 Nxd8 27. Bb3 Nd3 28. Nd4 Bd6 29. Nb5 Bb8 30. g3 Ne5 31. Kf2 Ndc6 32. f4 Ng4+ 33. Ke2 Nxh2 34. e5 Ng4 35. Bg1 Kf8 36. Kf3 h5 37. Bc2 a6 38. Nc3 Nd4+ 39. Bxd4 b5 40. Be4 Ke7 41. Bb7 Nh2+ 42. Kg2 Ng4 43. Bxa6 1-0